Chansons de Jamiroquai - Statistiques

Statistiques générales
  • Ce quiz a été pris 11 fois
  • Le résultat moyen est 14 sur 25
Answers on the Grid
Answers color-coded by a green-red scale on the quiz's grid according to % correct below.
Virtual Insanity
Cosmic Girl
Talullah
When You Gonna Learn
Love Foolosophy
Drifting Along
Cloud 9
Too Young To Die
King For A Day
White Knuckle Ride
Blow Your Mind
Automaton
Time Won't Wait
Stillness In Time
Manifest Destiny
Shake It On
Corner Of The Earth
Starchild
Rock Dust Light Star
Deeper Underground
Space Cowboy
Canned Heat
Dynamite
Runaway
Superfresh
Dracula
Die In A Fire
T.N.T.
September
You Can't Hurry Love
Chance
Timing Is Everything
Promiscuous
American Boy
Levitating
Start Me Up
Fine China
It's Good To Be The King
Hold The Line
Wanna Be Startin' Somethin'
She Wolf
Homeless
Blame It On The Boogie
Supernature
Tarzan Boy
Body Talk
Breakfast In America
Maniac
Poison
Blurred Lines
 
Statistiques - réponses
Réponse % Correct
Cosmic Girl
88%
Blow Your Mind
75%
Canned Heat
75%
Deeper Underground
75%
Space Cowboy
75%
Talullah
75%
Too Young To Die
75%
Virtual Insanity
75%
Love Foolosophy
63%
Stillness In Time
63%
Time Won't Wait
63%
When You Gonna Learn
63%
Automaton
50%
Cloud 9
50%
Corner Of The Earth
50%
Dynamite
50%
King For A Day
50%
Manifest Destiny
50%
Rock Dust Light Star
50%
Starchild
50%
Drifting Along
38%
Runaway
38%
White Knuckle Ride
38%
Shake It On
25%
Superfresh
25%
Aucun quiz correspondant
Distribution des résultats
% des personnes avec chaque résultat
Percentile par nombre de réponses
Votre historique - résultats
Vous n’avez pas pris ce quiz